2018 Red Sox World Series Winning Team - Statistics

General Stats
  • This quiz has been taken 324 times
  • The average score is 8 of 35
Answer Stats
Number Player % Correct
50 Mookie Betts
91%
41 Chris Sale
81%
11 Rafael Devers
63%
24 David Price
50%
28 J.D. Martinez
50%
2 Xander Bogaerts
49%
15 Dustin Pedroia
41%
19 Jackie Bradley
36%
22 Rick Porcello
36%
32 Matt Barnes
31%
16 Andrew Benintendi
28%
7 Christian Vazquez
25%
25 Steve Pearce
25%
12 Brock Holt
23%
17 Nathan Eovaldi
22%
18 Mitch Moreland
21%
3 Sandy Leon
20%
36 Eduardo Nunez
18%
57 Eduardo Rodriguez
18%
37 Heath Hembree
10%
70 Ryan Brasier
10%
23 Blake Swihart
9%
44 Brandon Workman
8%
35 Steven Wright
5%
61 Brian Johnson
4%
76 Hector Velazquez
4%
59 Sam Travis
3%
30 Tzu-Wei Lin
3%
40 Marco Hernandez
2%
64 Marcus Walden
2%
66 Bobby Poyner
1%
63 Robby Scott
1%
47 Tyler Thornburg
1%
67 Chandler Shepherd
0%
37 Denyi Reyes
0%
No matching quizzes found
Score Distribution
Percent of People with Each Score
Percentile by Number Answered
Your Score History
You have not taken this quiz